000
00360nam a2200157Ia 4500
008
210430s9999 xx 000 0 und d
020
_a
8/3/11
082
_a
541.361 G846 F
245
_a
J.F.Griffiths
250
_a
309p
260
_a
Blackie Academic
300
_a
Flame And Combustion
650
_a
London
_9
52598
856
_u
BK
942
_c
GEN
_2
ddc
999
_c
561889
_d
561889